Normal view
MARC view
- Dr. Riaz Ahmad
Entry Personal Name
001 - CONTROL NUMBER
- control field: 20988
003 - CONTROL NUMBER IDENTIFIER
- control field: NUST
005 - DATE AND TIME OF LATEST TRANSACTION
- control field: 20190920100231.0
008 - FIXED-LENGTH DATA ELEMENTS
- fixed length control field: 190920|| aca||aabn | a|a d
040 ## - CATALOGING SOURCE
- Original cataloging agency: NUST
- Transcribing agency: NUST
100 ## - HEADING--PERSONAL NAME
- Personal name: Dr. Riaz Ahmad
670 ## - SOURCE DATA FOUND
- Source citation: Work cat.: (NUST): Ahmad, Shamraiz 20987, Optimization of Ceiling Fan Blades Using Design of Experiments & Response Surface Method /, 2014.
